000
00331nam a22001337a 4500
008
160503b xxu||||| |||| 00| 0 eng d
020
_a
9780766802148
020
_a
0766802140
020
_a
9780766802148
041
_a
eng
080
_a
61
245
_a
Human Dieases:
_c
Marianne Neighbors; Ruth Tannehill Jones;
942
_2
udc
_c
BK
999
_c
1732
_d
1732